Aquatic Environment Management / (Record no. 32228)

000 -LEADER
fixed length control field 00777nam a2200217 4500
008 - FIXED-LENGTH DATA ELEMENTS--GENERAL INFORMATION
fixed length control field 250407b |||||||| |||| 00| 0 eng d
020 ## - INTERNATIONAL STANDARD BOOK NUMBER
International Standard Book Number 9781000996111
020 ## - INTERNATIONAL STANDARD BOOK NUMBER
International Standard Book Number 9781032321585
020 ## - INTERNATIONAL STANDARD BOOK NUMBER
International Standard Book Number 1000996050
050 ## - LIBRARY OF CONGRESS CALL NUMBER
Classification number GC 112
Item number .P36 2024
245 ## - TITLE STATEMENT
Title Aquatic Environment Management /
Statement of responsibility, etc. edited by Pramod Kumar Pandey and Amit Pande.
260 ## - PUBLICATION, DISTRIBUTION, ETC. (IMPRINT)
Place of publication, distribution, etc. Boca Raton :
Name of publisher, distributor, etc. CRC Press
Date of publication, distribution, etc. 2024.
300 ## - PHYSICAL DESCRIPTION
Extent xix, 375 pages :
Other physical details illustrations ;
Dimensions 23 cm.
504 ## - BIBLIOGRAPHY, ETC. NOTE
Bibliography, etc Includes bibliographical references and index.
650 ## - SUBJECT ADDED ENTRY--TOPICAL TERM
Topical term or geographic name as entry element Aquatic ecology
650 ## - SUBJECT ADDED ENTRY--TOPICAL TERM
Topical term or geographic name as entry element Remote sensing in aquatic environments.
650 ## - SUBJECT ADDED ENTRY--TOPICAL TERM
Topical term or geographic name as entry element Environnement Surveillance
700 ## - ADDED ENTRY--PERSONAL NAME
Personal name Pandey, Pramod Kumar,
Relator term editor.
700 ## - ADDED ENTRY--PERSONAL NAME
Personal name Pande, Amit,
Relator term editor.
942 ## - ADDED ENTRY ELEMENTS (KOHA)
Source of classification or shelving scheme
Classification part GC112 .P36 2024
Koha item type Hard Covered Materials
Holdings
Withdrawn status Lost status Source of classification or shelving scheme Damaged status Not for loan Home library Current library Shelving location Date acquired Source of acquisition Total Checkouts Full call number Barcode Date last seen Price effective from Koha item type
          MACHAKOS UNIVERSITY LIBRARY MACHAKOS UNIVERSITY LIBRARY Open shelf 07/04/2025 Donation-Prof. Joyce A.   GC112 .P36 2024 40070 07/04/2025 07/04/2025 Hard Covered Materials
© Machakos University Library, Along The Highway, Machakos Wote Rd, Machakos, Kenya P.O. Box 136 - 90100 Machakos - Kenya

Tel: ( +254 ) 723 805829 OR Fax : 044-20353 OR Email: library@mksu.ac.ke